[Event "Iran Chess Championship Semi Final 2015 "]
[Site "Rasht , Iran"]
[Date "2015.12.19"]
[Round "9"]
[Board "4"]
[White "Tabatabaei, M.Amin"]
[Black "Gholami, Aryan"]
[Result "0-1"]
[WhiteElo "2482"]
[BlackElo "2422"]
[PlyCount "0"]
[EventDate "2015.12.13"]
[EventRounds "9"]
[EventCountry "IRI"]

1. d4 {[%clk 1:30:25]} Nf6 {[%clk 1:30:07]} 2. c4 {[%clk 1:29:53]} e6
{[%clk 1:30:04]} 3. Nf3 {[%clk 1:29:29]} d5 {[%clk 1:29:01]} 4. Nc3
{[%clk 1:28:48]} c6 {[%clk 1:24:57]} 5. e3 {[%clk 1:27:13]} Bd6 {[%clk 1:24:55]}
6. Qc2 {[%clk 1:26:23]} Nbd7 {[%clk 1:23:12]} 7. g4 {[%clk 1:26:33]} O-O
{[%clk 1:13:22]} 8. g5 {[%clk 1:26:14]} Nh5 {[%clk 1:12:50]} 9. Bd2
{[%clk 1:25:52]} g6 {[%clk 1:10:15]} 10. O-O-O {[%clk 1:24:46]} dxc4
{[%clk 1:07:54]} 11. Bxc4 {[%clk 1:24:23]} b5 {[%clk 1:08:09]} 12. Be2
{[%clk 1:24:30]} Bb7 {[%clk 1:07:50]} 13. Ne4 {[%clk 1:23:51]} Be7
{[%clk 1:07:14]} 14. Nc5 {[%clk 1:10:05]} Bxc5 {[%clk 1:02:50]} 15. dxc5
{[%clk 1:10:16]} Qe7 {[%clk 1:02:56]} 16. Bc3 {[%clk 1:05:01]} Rfd8
{[%clk 0:58:17]} 17. Ne5 {[%clk 0:48:57]} b4 {[%clk 0:53:09]} 18. Bd4
{[%clk 0:44:39]} Nxe5 {[%clk 0:51:23]} 19. Bxe5 {[%clk 0:44:55]} Qxg5
{[%clk 0:51:35]} 20. f4 {[%clk 0:44:24]} Qh4 {[%clk 0:51:02]} 21. Bxh5
{[%clk 0:33:47]} Qxh5 {[%clk 0:51:23]} 22. Bd6 {[%clk 0:33:57]} a5
{[%clk 0:49:14]} 23. e4 {[%clk 0:33:15]} Ba6 {[%clk 0:45:32]} 24. Rhe1
{[%clk 0:24:39]} a4 {[%clk 0:41:25]} 25. Qf2 {[%clk 0:24:46]} Bb5
{[%clk 0:27:56]} 26. Rd4 {[%clk 0:22:18]} b3 {[%clk 0:22:59]} 27. a3
{[%clk 0:22:36]} Rd7 {[%clk 0:17:55]} 28. Rd2 {[%clk 0:22:27]} Rad8
{[%clk 0:17:50]} 29. Red1 {[%clk 0:22:47]} f5 {[%clk 0:15:41]} 30. e5
{[%clk 0:19:26]} Bc4 {[%clk 0:13:44]} 31. Rg1 {[%clk 0:15:25]} Qh3
{[%clk 0:12:47]} 32. Rd4 {[%clk 0:15:37]} Bb5 {[%clk 0:12:13]} 33. Rg3
{[%clk 0:14:13]} Qh5 {[%clk 0:12:10]} 34. Rd1 {[%clk 0:07:28]} Qe2
{[%clk 0:10:30]} 35. Qxe2 {[%clk 0:07:53]} Bxe2 {[%clk 0:10:58]} 36. Rdg1
{[%clk 0:08:15]} Rg7 {[%clk 0:10:27]} 37. Kd2 {[%clk 0:08:40]} Bb5
{[%clk 0:10:01]} 38. Kc3 {[%clk 0:08:35]} Kf7 {[%clk 0:09:47]} 39. Rh3
{[%clk 0:08:57]} h5 {[%clk 0:09:35]} 40. Rhg3 {[%clk 0:08:35]} Rgg8
{[%clk 0:09:39]} 41. Rg5 {[%clk 0:07:39]} Rd7 {[%clk 0:09:47]} 42. Rd1
{[%clk 0:07:11]} Rb7 {[%clk 0:09:56]} 43. Rd4 {[%clk 0:07:28]} Ra8
{[%clk 0:09:45]} 44. Rb4 {[%clk 0:07:45]} Rc8 {[%clk 0:09:47]} 45. Kd4
{[%clk 0:08:03]} Ra8 {[%clk 0:09:52]} 46. Ke3 {[%clk 0:08:27]} Rc8
{[%clk 0:09:48]} 47. Kf2 {[%clk 0:08:47]} Ra8 {[%clk 0:09:36]} 48. Rg1
{[%clk 0:09:10]} Rc8 {[%clk 0:09:10]} 49. Kg3 {[%clk 0:09:34]} Ra8
{[%clk 0:09:13]} 50. Kh4 {[%clk 0:09:59]} Rc8 {[%clk 0:09:13]} 51. Rd1
{[%clk 0:10:22]} Ra8 {[%clk 0:09:30]} 52. Rdd4 {[%clk 0:10:28]} Raa7
{[%clk 0:07:29]} 53. Kg5 {[%clk 0:10:40]} Kg7 {[%clk 0:07:24]} 54. h3
{[%clk 0:07:07]} Kf7 {[%clk 0:06:14]} 55. Rd2 {[%clk 0:05:41]} Ra8
{[%clk 0:05:14]} 56. Rd1 {[%clk 0:06:03]} Rh8 {[%clk 0:04:52]} 57. h4
{[%clk 0:06:26]} Rc8 {[%clk 0:05:00]} 58. Rdd4 {[%clk 0:06:41]} Ra8
{[%clk 0:05:11]} 59. Rd2 {[%clk 0:02:09]} Rc8 {[%clk 0:05:19]} 60. Rd1
{[%clk 0:02:30]} Re8 {[%clk 0:04:45]} 61. Rdd4 {[%clk 0:02:47]} Ra8
{[%clk 0:05:04]} 62. Rxb5 Rxb5 {[%clk 0:04:24]} 63. Bc7 {[%clk 0:03:13]} Rb7
{[%clk 0:03:24]} 64. Bb6 {[%clk 0:01:32]} Re7 {[%clk 0:02:50]} 65. Bd8
{[%clk 0:01:37]} Rb7 {[%clk 0:02:31]} 66. Bb6 {[%clk 0:01:55]} Re7
{[%clk 0:02:58]} 67. Bd8 {[%clk 0:01:47]} Rb7 {[%clk 0:03:27]} 68. Kh6
{[%clk 0:01:53]} Ke8 {[%clk 0:02:33]} 69. Bf6 {[%clk 0:01:20]} Rd7
{[%clk 0:02:30]} 70. Rb4 {[%clk 0:01:33]} Kf7 {[%clk 0:02:26]} 71. Rb6
{[%clk 0:01:25]} Rc7 {[%clk 0:02:39]} 72. Rb4 {[%clk 0:00:52]} Rd7
{[%clk 0:02:57]} 73. Rb6 {[%clk 0:00:55]} Rc7 {[%clk 0:03:26]} 74. Kh7
{[%clk 0:01:00]} Ra5 {[%clk 0:02:31]} 75. Rb8 {[%clk 0:01:03]} Rxc5
{[%clk 0:02:45]} 76. Rg8 {[%clk 0:01:06]} Rd7 {[%clk 0:03:15]} 77. Kh8
{[%clk 0:00:38]} Rc2 {[%clk 0:02:50]} 78. Rg7+ {[%clk 0:00:57]} Ke8
{[%clk 0:03:18]} 79. Rg8+ {[%clk 0:01:20]} Kf7 {[%clk 0:03:47]} 80.

[Event "Iran Chess Championship Semi Final 2015 "]
[Site "Rasht , Iran"]
[Date "2015.12.19"]
[Round "9"]
[Board "5"]
[White "Khamisi, S Jafar"]
[Black "Mousavi, Seyed Khalil"]
[Result "1/2-1/2"]
[WhiteElo "2224"]
[BlackElo "2434"]
[PlyCount "0"]
[EventDate "2015.12.13"]
[EventRounds "9"]
[EventCountry "IRI"]

1. d4 {[%clk 1:30:55]} Nf6 {[%clk 1:30:49]} 2. Nf3 {[%clk 1:31:18]} g6
{[%clk 1:31:11]} 3. Bf4 {[%clk 1:31:38]} Bg7 {[%clk 1:31:17]} 4. c3
{[%clk 1:31:38]} b6 {[%clk 1:31:03]} 5. h3 {[%clk 1:31:37]} Bb7 {[%clk 1:31:25]}
6. Nbd2 {[%clk 1:31:52]} c5 {[%clk 1:31:17]} 7. e3 {[%clk 1:31:53]} d6
{[%clk 1:31:16]} 8. Be2 {[%clk 1:29:32]} O-O {[%clk 1:31:19]} 9. O-O
{[%clk 1:29:51]} Nfd7 {[%clk 1:31:42]} 10. Bh2 {[%clk 1:29:42]} Na6
{[%clk 1:31:39]} 11. Re1 {[%clk 1:29:51]} Nc7 {[%clk 1:32:00]} 12. Bd3
{[%clk 1:28:28]} b5 {[%clk 1:30:13]} 13. e4 {[%clk 1:25:53]} e5 {[%clk 1:29:57]}
14. dxc5 {[%clk 1:24:37]} dxc5 {[%clk 1:29:09]} 15. Qc2 {[%clk 1:24:19]} a5
{[%clk 1:28:19]} 16. a4 {[%clk 1:24:25]} bxa4 {[%clk 1:27:16]} 17. Rxa4
{[%clk 1:24:30]} Nb6 {[%clk 1:27:26]} 18. Ra2 {[%clk 1:24:26]} Qd6
{[%clk 1:27:06]} 19. Rea1 {[%clk 1:23:34]} a4 {[%clk 1:27:19]} 20. Nc4
{[%clk 1:23:57]} 1/2-1/2

[Event "Iran Chess Championship Semi Final 2015 "]
[Site "Rasht , Iran"]
[Date "2015.12.19"]
[Round "9"]
[Board "6"]
[White "Mosadeghpour, Masoud"]
[Black "Sedaghati, Mehrdad"]
[Result "1-0"]
[WhiteElo "2479"]
[BlackElo "2325"]
[PlyCount "0"]
[EventDate "2015.12.13"]
[EventRounds "9"]
[EventCountry "IRI"]

1. e4 {[%clk 1:30:58]} c5 {[%clk 1:07:18]} 2. Nf3 {[%clk 1:31:02]} d6
{[%clk 1:07:44]} 3. d4 {[%clk 1:31:20]} cxd4 {[%clk 1:08:12]} 4. Nxd4
{[%clk 1:31:43]} Nf6 {[%clk 1:08:39]} 5. Nc3 {[%clk 1:32:07]} a6 {[%clk 1:09:06]}
6. h3 {[%clk 1:32:29]} e6 {[%clk 1:09:11]} 7. g4 {[%clk 1:32:51]} b5
{[%clk 1:09:25]} 8. Bg2 {[%clk 1:33:12]} Bb7 {[%clk 1:09:53]} 9. a3
{[%clk 1:33:33]} Nfd7 {[%clk 1:10:01]} 10. O-O {[%clk 1:32:02]} Be7
{[%clk 1:09:10]} 11. f4 {[%clk 1:30:38]} Nc6 {[%clk 1:08:59]} 12. Be3
{[%clk 1:29:29]} Nxd4 {[%clk 1:08:57]} 13. Qxd4 {[%clk 1:27:19]} O-O
{[%clk 1:09:08]} 14. Rad1 {[%clk 1:23:21]} Rc8 {[%clk 1:06:48]} 15. a4
{[%clk 1:20:02]} Rc4 {[%clk 1:03:03]} 16. Qd2 {[%clk 0:37:41]} b4
{[%clk 0:45:39]} 17. Na2 {[%clk 0:30:40]} Qc7 {[%clk 0:35:49]} 18. Nxb4
{[%clk 0:21:33]} a5 {[%clk 0:35:30]} 19. Na2 {[%clk 0:16:38]} Rxa4
{[%clk 0:19:23]} 20. Nc3 {[%clk 0:12:55]} Rb4 {[%clk 0:19:52]} 21. b3
{[%clk 0:07:52]} Nc5 {[%clk 0:16:16]} 22. Bxc5 {[%clk 0:00:44]} Qxc5+
{[%clk 0:16:34]} 23. Kh2 {[%clk 0:00:37]} Rc8 {[%clk 0:15:28]} 24. Na2
{[%clk 0:01:07]} Rb6 {[%clk 0:15:01]} 25. Rc1 {[%clk 0:00:33]} Bf6
{[%clk 0:14:59]} 26. g5 {[%clk 0:00:34]} Bb2 {[%clk 0:15:00]} 27. Rb1
{[%clk 0:00:50]} Qxc2 {[%clk 0:15:12]} 28. Rxb2 {[%clk 0:01:10]} Qxd2
{[%clk 0:15:16]} 29. Rxd2 {[%clk 0:01:36]} Rxb3 {[%clk 0:15:35]} 30. Rxd6
{[%clk 0:00:55]} Rb2 {[%clk 0:15:50]} 31. Rc1 {[%clk 0:01:16]} Ra8
{[%clk 0:15:42]} 32. Nc3 {[%clk 0:01:24]} a4 {[%clk 0:15:43]} 33. Nxa4
{[%clk 0:01:20]} Rf2 {[%clk 0:15:55]} 34. Nc5 {[%clk 0:01:38]} h5
{[%clk 0:15:57]} 35. Nxb7 {[%clk 0:01:06]} Raa2 {[%clk 0:16:22]} 36. Rg1
{[%clk 0:01:09]} Rxf4 {[%clk 0:16:46]} 37. Kg3 {[%clk 0:00:49]} e5
{[%clk 0:17:07]} 38. Nc5 {[%clk 0:00:47]} h4+ {[%clk 0:17:16]} 39. Kh2
{[%clk 0:01:13]} Rc2 {[%clk 0:17:35]} 40. Rd5 {[%clk 0:01:01]} f6
{[%clk 0:17:55]} 41. g6 {[%clk 0:01:12]} 1-0

[Event "Iran Chess Championship Semi Final 2015 "]
[Site "Rasht , Iran"]
[Date "2015.12.19"]
[Round "9"]
[Board "7"]
[White "Darini, Pouria"]
[Black "Behmardi, K Rustam"]
[Result "1-0"]
[WhiteElo "2500"]
[BlackElo "2302"]
[PlyCount "0"]
[EventDate "2015.12.13"]
[EventRounds "9"]
[EventCountry "IRI"]

1. c4 {[%clk 1:30:57]} e6 {[%clk 1:28:41]} 2. Nc3 {[%clk 1:29:41]} d5
{[%clk 1:28:15]} 3. d4 {[%clk 1:30:04]} Be7 {[%clk 1:27:51]} 4. cxd5
{[%clk 1:26:27]} exd5 {[%clk 1:28:14]} 5. Bf4 {[%clk 1:26:53]} c6
{[%clk 1:28:33]} 6. e3 {[%clk 1:27:12]} Bf5 {[%clk 1:28:52]} 7. Bd3
{[%clk 1:27:29]} Bxd3 {[%clk 1:28:39]} 8. Qxd3 {[%clk 1:27:58]} Nf6
{[%clk 1:29:00]} 9. Nge2 {[%clk 1:19:54]} Bd6 {[%clk 1:13:53]} 10. f3
{[%clk 1:13:05]} Na6 {[%clk 0:57:34]} 11. O-O-O {[%clk 1:10:31]} Bxf4
{[%clk 0:49:05]} 12. Nxf4 {[%clk 1:10:19]} Qd6 {[%clk 0:49:29]} 13. Qf5
{[%clk 0:58:09]} Nc7 {[%clk 0:48:33]} 14. e4 {[%clk 0:55:17]} g6 {[%clk 0:46:45]}
15. Qe5+ {[%clk 0:36:44]} Qxe5 {[%clk 0:42:52]} 16. dxe5 {[%clk 0:37:12]} Nd7
{[%clk 0:43:12]} 17. exd5 {[%clk 0:37:37]} cxd5 {[%clk 0:42:42]} 18. Nfxd5
{[%clk 0:37:09]} Nxd5 {[%clk 0:42:30]} 19. Rxd5 {[%clk 0:35:51]} Nb6
{[%clk 0:42:25]} 20. Rc5 {[%clk 0:32:04]} O-O {[%clk 0:42:47]} 21. Rc7
{[%clk 0:29:26]} Rab8 {[%clk 0:43:06]} 22. Rd1 {[%clk 0:27:33]} Rfc8
{[%clk 0:43:22]} 23. Rxc8+ {[%clk 0:27:52]} Rxc8 {[%clk 0:43:45]} 24. Kb1
{[%clk 0:22:29]} Kf8 {[%clk 0:32:16]} 25. f4 {[%clk 0:22:51]} Ke7
{[%clk 0:32:30]} 26. Nb5 {[%clk 0:21:38]} Rc4 {[%clk 0:30:51]} 27. g3
{[%clk 0:20:34]} Nc8 {[%clk 0:29:17]} 28. Nc3 {[%clk 0:13:24]} Nb6
{[%clk 0:29:30]} 29. Rd6 {[%clk 0:13:18]} g5 {[%clk 0:23:11]} 30. f5
{[%clk 0:12:00]} h5 {[%clk 0:14:58]} 31. Kc2 {[%clk 0:04:30]} h4 {[%clk 0:08:22]}
32. Kd3 {[%clk 0:04:25]} hxg3 {[%clk 0:08:27]} 33. hxg3 {[%clk 0:04:49]} Rc5
{[%clk 0:06:37]} 34. f6+ {[%clk 0:05:01]} Ke8 {[%clk 0:07:03]} 35. e6
{[%clk 0:04:38]} fxe6 {[%clk 0:06:50]} 36. Rxe6+ {[%clk 0:05:07]} Kf7
{[%clk 0:05:58]} 37. Re7+ {[%clk 0:05:01]} Kxf6 {[%clk 0:06:23]} 38. Rxb7
{[%clk 0:05:29]} Ra5 {[%clk 0:06:48]} 39. Ke4 {[%clk 0:04:48]} Nc4
{[%clk 0:07:06]} 40. Kd4 {[%clk 0:04:33]} Nd6 {[%clk 0:07:24]} 41. Rd7
{[%clk 0:01:12]} Ke6 {[%clk 0:03:37]} 42. Rh7 {[%clk 0:01:20]} Nb5+
{[%clk 0:04:03]} 43. Nxb5 {[%clk 0:01:22]} Rxb5 {[%clk 0:04:30]} 44. b3
{[%clk 0:01:03]} a5 {[%clk 0:04:34]} 45. Ra7 {[%clk 0:00:35]} Kf5
{[%clk 0:04:31]} 46. Kc4 {[%clk 0:00:40]} Re5 {[%clk 0:04:20]} 47. Rd7
{[%clk 0:01:06]} Kg4 {[%clk 0:04:27]} 48. Rd3 {[%clk 0:01:35]} Kh3
{[%clk 0:04:19]} 49. a3 {[%clk 0:01:49]} g4 {[%clk 0:04:31]} 50. b4
{[%clk 0:02:15]} axb4 {[%clk 0:04:56]} 51. axb4 {[%clk 0:02:44]} Rf5
{[%clk 0:05:20]} 52. b5 {[%clk 0:02:42]} Rf3 {[%clk 0:05:46]} 53. b6
{[%clk 0:02:58]} 1-0

[Event "Iran Chess Championship Semi Final 2015 "]
[Site "Rasht , Iran"]
[Date "2015.12.19"]
[Round "9"]
[Board "8"]
[White "Mahjoob Zardast, Morteza"]
[Black "Vaghar, Mohsen"]
[Result "0-1"]
[WhiteElo "2381"]
[BlackElo "2172"]
[PlyCount "0"]
[EventDate "2015.12.13"]
[EventRounds "9"]
[EventCountry "IRI"]

1. Nf3 Nf6 2. c4 e6 3. g3 Be7 4. Bg2 O-O 5. O-O d5 6. d4 dxc4 7. Qc2 b5 8. a4 b4
9. Nfd2 c6 10. Nxc4 Qxd4 11. Rd1 Qc5 12. Be3 Qf5 13. Qxf5 exf5 14. Na5 Ne4 15.
Nd2 Bd8 16. Nxc6 Nxc6 17. Nxe4 fxe4 18. Bxe4 Bb7 19. Rd7 Rb8 20. Bc5 Na5 21. Bxf8
Kxf8 22. Bxb7 Nxb7 23. Rc1 Bb6 24. Rd5 Rd8 25. Rb5 Rd2 26. Rxb4 Rxe2 27. b3 Rb2
28. Rf4 Rxb3 29. Rc8+ Nd8 30. Kg2 Ke7 31. Rb8 Ra3 32. Rc8 Ne6 33. Rf3 Rxa4 34.
Rb8 Rc4 35. Rb7+ Rc7 36. Rb8 Bc5 37. Ra8 Bb4 38. h4 a5 39. Rf5 g6 40. Rb5 Kd6 41.
h5 Kc6 42. Rbb8 Bc3 43. f4 Nc5 44. Rb1 a4 45. g4 Kd5 46. Kf3 Kc4 47. hxg6 hxg6
48. g5 Rd7 49. Kg4 Kd3 50. Rb5 Kc4 51. Rb1 Rd5 52. Rb6 Rf5 53. Rc6 Kb3 54. Rb8+
Bb4 55. Kf3 Ne6 56. Ke3 Nxf4 0-1

[Event "Iran Chess Championship Semi Final 2015 "]
[Site "Rasht , Iran"]
[Date "2015.12.19"]
[Round "9"]
[Board "10"]
[White "Rastbod, Ali"]
[Black "Tahbaz, Arash"]
[Result "1/2-1/2"]
[WhiteElo "2069"]
[BlackElo "2297"]
[PlyCount "0"]
[EventDate "2015.12.13"]
[EventRounds "9"]
[EventCountry "IRI"]

1. c4 {[%clk 1:30:15]} Nf6 {[%clk 1:27:01]} 2. Nc3 {[%clk 1:30:37]} g6
{[%clk 1:27:30]} 3. g3 {[%clk 1:30:52]} Bg7 {[%clk 1:27:53]} 4. Bg2
{[%clk 1:31:17]} O-O {[%clk 1:28:19]} 5. e3 {[%clk 1:30:21]} d6 {[%clk 1:28:45]}
6. Nge2 {[%clk 1:30:42]} e5 {[%clk 1:29:06]} 7. d4 {[%clk 1:31:00]} Nbd7
{[%clk 1:29:35]} 8. O-O {[%clk 1:30:59]} Re8 {[%clk 1:30:03]} 9. b3
{[%clk 1:31:22]} e4 {[%clk 1:30:27]} 10. Qc2 {[%clk 1:28:48]} Qe7
{[%clk 1:30:49]} 11. g4 {[%clk 1:28:59]} Nxg4 {[%clk 1:28:05]} 12. Qxe4
{[%clk 1:28:34]} Ngf6 {[%clk 1:23:20]} 13. Qxe7 {[%clk 1:28:43]} Rxe7
{[%clk 1:23:47]} 14. a4 {[%clk 1:18:57]} Nf8 {[%clk 1:21:12]} 15. a5
{[%clk 1:17:35]} a6 {[%clk 1:21:32]} 16. b4 {[%clk 1:09:44]} Rb8 {[%clk 1:19:16]}
17. b5 {[%clk 1:06:47]} 1/2-1/2

[Event "Iran Chess Championship Semi Final 2015 "]
[Site "Rasht , Iran"]
[Date "2015.12.19"]
[Round "9"]
[Board "11"]
[White "Sadeh, Shahin"]
[Black "Aghaei, Alireza"]
[Result "1-0"]
[WhiteElo "2284"]
[BlackElo "2189"]
[PlyCount "0"]
[EventDate "2015.12.13"]
[EventRounds "9"]
[EventCountry "IRI"]

1. f4 {[%clk 1:29:53]} Nf6 {[%clk 1:28:57]} 2. Nf3 {[%clk 1:30:21]} g6
{[%clk 1:28:27]} 3. b3 {[%clk 1:30:13]} Bg7 {[%clk 1:28:33]} 4. Bb2
{[%clk 1:30:42]} O-O {[%clk 1:28:12]} 5. e3 {[%clk 1:31:10]} d5 {[%clk 1:26:48]}
6. Be2 {[%clk 1:29:05]} c5 {[%clk 1:23:40]} 7. O-O {[%clk 1:28:47]} Bg4
{[%clk 1:11:19]} 8. Ne5 {[%clk 1:17:59]} Bxe2 {[%clk 1:10:22]} 9. Qxe2
{[%clk 1:18:27]} Nfd7 {[%clk 1:05:07]} 10. d4 {[%clk 1:17:15]} Nc6
{[%clk 1:01:19]} 11. Nd2 {[%clk 1:15:48]} Rc8 {[%clk 0:54:55]} 12. Ndf3
{[%clk 1:13:09]} Qc7 {[%clk 0:39:26]} 13. Nxd7 {[%clk 1:00:46]} Qxd7
{[%clk 0:39:49]} 14. c3 {[%clk 1:01:06]} b6 {[%clk 0:35:47]} 15. Rad1
{[%clk 1:00:05]} e6 {[%clk 0:21:57]} 16. h4 {[%clk 0:40:15]} Ne7 {[%clk 0:20:30]}
17. g4 {[%clk 0:36:16]} a5 {[%clk 0:16:09]} 18. Rf2 {[%clk 0:36:02]} f5
{[%clk 0:12:48]} 19. g5 {[%clk 0:33:50]} c4 {[%clk 0:11:24]} 20. h5
{[%clk 0:33:13]} cxb3 {[%clk 0:10:04]} 21. axb3 {[%clk 0:33:41]} a4
{[%clk 0:10:29]} 22. bxa4 {[%clk 0:32:59]} Qxa4 {[%clk 0:10:01]} 23. Ra1
{[%clk 0:32:29]} Qc6 {[%clk 0:09:15]} 24. h6 {[%clk 0:23:54]} Bh8
{[%clk 0:09:31]} 25. Ba3 {[%clk 0:24:09]} Qxc3 {[%clk 0:08:20]} 26. Qb2
{[%clk 0:24:37]} Qc7 {[%clk 0:05:39]} 27. Bxe7 {[%clk 0:24:22]} Qxe7
{[%clk 0:06:03]} 28. Qxb6 {[%clk 0:24:24]} Rf7 {[%clk 0:01:59]} 29. Rfa2
{[%clk 0:22:31]} Qe8 {[%clk 0:00:59]} 30. Ra7 {[%clk 0:19:01]} Rb8
{[%clk 0:00:59]} 31. Qxb8 {[%clk 0:17:46]} Qxb8 {[%clk 0:01:24]} 32. Ra8
{[%clk 0:18:11]} Rf8 {[%clk 0:01:21]} 33. Rxb8 {[%clk 0:18:35]} Rxb8
{[%clk 0:01:48]} 34. Ra6 {[%clk 0:17:57]} Re8 {[%clk 0:02:09]} 35. Kf2
{[%clk 0:18:10]} Kf7 {[%clk 0:02:00]} 36. Ra7+ {[%clk 0:17:59]} Re7
{[%clk 0:01:45]} 37. Rxe7+ {[%clk 0:18:04]} Kxe7 {[%clk 0:02:11]} 38. Ke2
{[%clk 0:18:28]} Kd6 {[%clk 0:02:31]} 39. Kd3 {[%clk 0:18:49]} Kc6
{[%clk 0:02:30]} 40. Kc3 {[%clk 0:19:17]} Kb5 {[%clk 0:02:42]} 41. Kb3
{[%clk 0:19:45]} Ka5 {[%clk 0:02:56]} 42. Ne1 {[%clk 0:20:12]} Kb5
{[%clk 0:02:09]} 43. Nd3 {[%clk 0:20:22]} Kc6 {[%clk 0:01:34]} 44. Kb4
{[%clk 0:20:47]} Kd6 {[%clk 0:01:29]} 45. Kb5 {[%clk 0:21:11]} Kd7
{[%clk 0:01:34]} 46. Nc5+ {[%clk 0:21:10]} Kd6 {[%clk 0:01:59]} 47. Nd3
{[%clk 0:15:52]} Kc7 {[%clk 0:02:17]} 48. Kc5 {[%clk 0:15:56]} Kd7
{[%clk 0:02:42]} 49. Kb6 {[%clk 0:14:41]} Kd6 {[%clk 0:03:06]} 50. Ne5
{[%clk 0:12:13]} Ke7 {[%clk 0:00:41]} 51. Kc7 {[%clk 0:12:22]} Bxe5+
{[%clk 0:00:37]} 52. dxe5 {[%clk 0:12:47]} 1-0